000 01630nam0a22002651 4500
001 rc\3509660
005 20250610013142.0
021 _aRU
_bРг8216-73
021 _aRU
_b73-27677
035 _a(NLR Aleph) 007617403
090 _a5882960
_c5882960
100 _a20130115d1973 |||y0rusy50 ca
101 0 _arus
102 _aRU
105 _ay z |||||
200 1 _aТезисы докладов
_fВсесоюз. совет науч.-техн. обществ. Ком. по прикл. методам математики и вычислит. технике. Еженедельник ЦК КПСС "Экон. газ". Гл. вычислит. центр Госплана СССР. М-во приборостроения, средств автоматизации и систем упр. Госплан УССР. АН СССР. Моск. экон.-стат. ин-т. Одес. обл. совет НТО. Всесоюз. науч.-техн. конференция "Большие информ.-вычислит. системы в план. расчетах и упр. производством"
210 _aОдесса
_cБ. и.
_d1973
215 _a465 с.
_d28
710 0 2 _a"Большие информационно-вычислительные системы в плановых расчетах и управлении производством", всесоюзная научно-техническая конференция
_eОдесса
_f1973
_9576961
_3RU\NLR\AUTH\880456878
801 0 _aRU
_bNLR
_gpsbo
801 1 _aRU
_bELAR
_2rusmarc
852 _aNLR
_j73-8/678
942 _cBOOK
980 _aNB